Autismo (Record no. 13068)

MARC details
000 -LEADER
campo de control de longitud fija 01108nam a2200289 i 4500
001 - NÚMERO DE CONTROL
campo de control 13068
003 - IDENTIFICADOR DE NÚMERO DE CONTROL
campo de control ES-MaACL
005 - FECHA Y HORA DE LA ÚLTIMA TRANSACCIÓN
campo de control 20230906150502.0
007 - CAMPO FIJO DE DESCRIPCIÓN FÍSICA--INFORMACIÓN GENERAL
campo de control de longitud fija t|
008 - DATOS DE LONGITUD FIJA--INFORMACIÓN GENERAL
campo de control de longitud fija 960829s1996 sp ||||0| spa j
020 ## - NÚMERO INTERNACIONAL ESTÁNDAR DEL LIBRO
Número Internacional Estándar del Libro 84-88986-24-6
040 ## - FUENTE DE CATALOGACIÓN
Centro catalogador/agencia de origen M-BN
Lengua de catalogación spa
Centro/agencia transcriptor M-BN
080 ## - NÚMERO DE LA CLASIFICACIÓN DECIMAL UNIVERSAL
Número de la Clasificación Decimal Universal 616.89-085.86
100 1# - ENTRADA PRINCIPAL--NOMBRE DE PERSONA
Nombre de persona Medina Fernández, María Cristina.
9 (RLIN) 79736
245 10 - MENCIÓN DEL TÍTULO
Título Autismo
Resto del título : hacia la recuperación afectivo-social a través de terapia asistida por animales /
Mención de responsabilidad, etc. Maria Cristina Medina Fernandez, Carlos Vazquez Bejarano, Maria Teresa Mansilla Romero.
250 ## - MENCION DE EDICION
Mención de edición 1ª ed.
260 ## - PUBLICACIÓN, DISTRIBUCIÓN, ETC.
Lugar de publicación, distribución, etc. Madrid :
Nombre del editor, distribuidor, etc. Instituto Nacional de Servicios Sociales,
Fecha de publicación, distribución, etc. 1995 i.e. 1996.
300 ## - DESCRIPCIÓN FÍSICA
Extensión 140 p. :
Otras características físicas il. col. ;
Dimensiones 22 cm.
490 1# - MENCIÓN DE SERIE
Mención de serie Colección Rehabilitación ;
Designación de volumen o secuencia 47
650 14 - PUNTO DE ACCESO ADICIONAL DE MATERIA--TÉRMINO DE MATERIA
Término de materia o nombre geográfico como elemento de entrada Autismo-
Subdivisión general Tratamiento.
9 (RLIN) 10419
700 1# - ENTRADA AGREGADA--NOMBRE PERSONAL
Nombre de persona Vázquez Bejarano, Carlos.
9 (RLIN) 113397
700 1# - ENTRADA AGREGADA--NOMBRE PERSONAL
Nombre de persona Mansilla Romero, María Teresa.
9 (RLIN) 76127
710 2# - ENTRADA AGREGADA--NOMBRE DE ENTIDAD CORPORATIVA
Nombre de entidad corporativa o nombre de jurisdicción como elemento de entrada Instituto Nacional de Servicios Sociales (España)
9 (RLIN) 5189
830 0# - PUNTO DE ACCESO ADICIONAL DE SERIE-TÍTULO UNIFORME
Título uniforme Colección Rehabilitación ;
Designación de volumen o secuencia 47
9 (RLIN) 179226
852 ## - LOCALIZACIÓN
Ubicación ES-MaACL
Número de control de estantería L-20359
Sublocalización o colección R.125098
Holdings
Estatus retirado Estado de pérdida Estado de daño No para préstamo Biblioteca de origen Biblioteca actual Ubicación en estantería Fecha de adquisición Fuente de adquisición Total de préstamos Signatura topográfica completa Código de barras Visto por última vez Precio de reemplazo Tipo de ítem Koha
        Biblioteca del Ateneo de Madrid Biblioteca del Ateneo de Madrid Depósito 2 17/01/2008     L-20359 1013308 23/02/2023 23/02/2023 Libro impreso